Organizational Readiness for AI-Driven Transformation: Balancing Strategic Alignment and Human-Centric Capacity
Saved in:
| Main Author: | |
|---|---|
| Other Authors: | |
| Format: | Book Chapter |
| Language: | English |
| Subjects: | |
| Tags: |
No Tags, Be the first to tag this record!
|
MARC
| LEADER | 00000naa$a2200000$$$4500 | ||
|---|---|---|---|
| 001 | 0314394 | ||
| 005 | 20260126094959.4 | ||
| 041 | 0 | |a eng | |
| 044 | |a SK | ||
| 245 | 1 | 0 | |a Organizational Readiness for AI-Driven Transformation: Balancing Strategic Alignment and Human-Centric Capacity |c Ján Holý, Vladimír Bolek |
| 610 | 2 | 0 | |a ekonómia |
| 610 | 2 | 0 | |a manažment |
| 610 | 2 | 0 | |a podnikanie |
| 610 | 2 | 0 | |a digitalizácia |
| 610 | 2 | 0 | |a financie |
| 100 | 1 | |a Holý, Ján, 1980- | |
| 700 | 1 | |a Bolek, Vladimír, 1988- | |